| 000 | 00557nam a2200193 a 4500 | ||
|---|---|---|---|
| 005 | 20140310183541.0 | ||
| 008 | 111109s19uu xx 00 eng d | ||
| 020 | _a9781855394452 | ||
| 050 |
_aLC 4708 _b.M37 2008 |
||
| 100 | _aMassey, June | ||
| 245 |
_aMeeting the needs of students with dyslexia / _cJune Massey. |
||
| 260 |
_aNew York : _bContinuum International, _c2008. |
||
| 300 |
_a124 p. : _c24 cm. |
||
| 521 | _aEDU | ||
| 650 |
_aDyslexia _xEducation |
||
| 650 |
_aDyslexia _xHandbook for teachers |
||
| 942 |
_cBK _2lcc _kFOR |
||
| 999 |
_c24792 _d24792 |
||